The gun and Irish politics (Record no. 194803)
[ view plain ]
| 000 -LEADER | |
|---|---|
| fixed length control field | 02360nam a2200433 a 4500 |
| 082 04 - DEWEY DECIMAL CLASSIFICATION NUMBER | |
| Classification number | 941.5082/1 |
| -- | B |
| 100 1# - MAIN ENTRY--AUTHOR NAME | |
| Personal name | Merivirta, Raita, |
| 245 14 - TITLE STATEMENT | |
| Title | The gun and Irish politics |
| 260 ## - PUBLICATION, DISTRIBUTION, ETC. (IMPRINT) | |
| Place of publication | Bern, Switzerland ; |
| -- | New York : |
| Name of publisher | Peter Lang, |
| Year of publication | c2009. |
| 300 ## - PHYSICAL DESCRIPTION | |
| Number of Pages | 192 p. |
| 505 0# - FORMATTED CONTENTS NOTE | |
| Formatted contents note | Introduction -- The untold story of Irish history -- Films and history -- Cinema and Ireland -- Neil Jordan and the film "like a national institution" -- The soldier : "everything's possible if you wish hard enough" -- 1916 Easter Rising : introducing the characters -- War of Independence -- The good, the bad and the heroic -- Michael Collins : a romantic national hero? -- The statesman : "I signed my death warrant" -- Collins versus De Valera -- The split -- The Civil War and the death of Collins -- Back to the future : a view of the 1990s -- Michael Collins : the lost leader -- Northern Ireland -- Irish national cinema and Hollywood. |
| 650 #0 - SUBJECT ADDED ENTRY--TOPICAL TERM | |
| Topical Term | Revolutionaries |
| 856 40 - ELECTRONIC LOCATION AND ACCESS | |
| Uniform Resource Identifier | http://site.ebrary.com/lib/rucke/Doc?id=10600527 |
No items available.
